Контурите на държавите в Азия - Statistics

General Stats
  • This quiz has been taken 45 times
  • The average score is 26 of 48
Answer Stats
Picture Answer % Correct
Япония
100%
Китай
96%
Филипини
92%
Индонезия
92%
Виетнам
92%
Индия
88%
Тайланд
76%
Турция
76%
Кипър
76%
Казахстан
68%
Лаос
64%
Израел
64%
Непал
64%
Малайзия
60%
Бангладеш
60%
Малдиви
60%
Пакистан
60%
Тайван
60%
Иран
60%
Мианмар
56%
Монголия
56%
Саудитска Арабия
56%
Афганистан
52%
Сирия
52%
Ирак
52%
Шри Ланка
52%
Йемен
52%
Северна Корея
48%
Узбекистан
48%
Азербайджан
48%
Южна Корея
48%
ОАЕ
48%
Оман
48%
Таджикистан
44%
Киргизстан
44%
Туркменистан
44%
Йордания
44%
Източен Тимор
40%
Сингапур
36%
Кувейт
36%
Грузия
36%
Армения
32%
Бруней
32%
Ливан
32%
Катар
32%
Камбоджа
24%
Бахрейн
20%
Бутан
20%
No matching quizzes found
Score Distribution
Percent of People with Each Score
Percentile by Number Answered
Your Score History
You have not taken this quiz